000 00516nam a22001697a 4500
999 _c8987
_d8987
008 210309b ||||| |||| 00| 0 eng d
040 _aBMS College of Architecture
100 _aC, N, Deepti
245 _aNritya degula - A dance gurukul
300 _a30p.
500 _a1BM09AT13
502 _8B.Arch
_NBMS College of Architecture, Visvesvaraya Technological University (VTU)
_aProject report
_d2013
650 _aGurukul
700 _aBhagyalaxmi M
_eGuide
700 _aAjay Chandran
_eGuide
942 _2ddc
_cTHE